000 00279nam a22001337a 4500
003 SGT
082 _a370
_bJ16M
100 _aMISHRA, REEMA
245 _aJANSANKHYA SHIKSHA
260 _aNEW DELHI
_bSUDERSHAN PUB
_c2016
300 _a408
650 _aEDUCATION
942 _2ddc
_cBK
999 _c12131
_d12131